000 00398nam a2200097Ia 4500
008 180130s9999 xx 000 0 und d
245 _cEstrella, Marisol; Saalismaa, Nina
_aEcosystem-based disaster risk reduction (Eco-DRR): an overview
260 _c2013
300 _aBook title: The role of ecosystems in disaster risk reduction--Acession number C17927; pages 26-54
650 _aECOSYSTEM MANAGEMENT
999 _c354546
_d354546